000 00542cam a2200205ua 4500
001 1625
008 110713n ii |||gr||||Z||||||eng
020 _a0-19-566348-9
040 _cMAIN
082 _a330
100 1 _aLipsey, Richards G.,
_eAuthor.
245 1 _aPrinciples of economics
_cby Richards G. Lipsey
250 _a9th.
260 _aNew Delhi:
_bOxrofd University press,
_c2002.
300 _axvi; 640p:
_bill;
_c25cm.
653 _aEconomics
653 _aPrinciples of economics
700 _aChrystal, K. Alec,
942 _cBK
999 _c1512
_d1512